Statistics for Car Brands by Country

Click here to take the quiz!

General Stats

  • This quiz has been taken 368 times
  • The average score is 52 of 70

Answer Stats

Car BrandCountry% Correct
FerrariItaly
94%
Alfa RomeoItaly
94%
AudiGermany
93%
BMWGermany
93%
FordUnited States of America
92%
HondaJapan
91%
ChevroletUnited States of America
91%
ChryslerUnited States of America
90%
CadillacUnited States of America
90%
DodgeUnited States of America
90%
LamborghiniItaly
90%
BentleyUnited Kingdom
89%
FiatItaly
89%
NissanJapan
88%
CitroënFrance
87%
CorvetteUnited States of America
87%
JeepUnited States of America
86%
Mercedes-BenzGermany
86%
MitsubishiJapan
86%
JaguarUnited Kingdom
85%
Aston MartinUnited Kindgom
85%
GMCUnited States of America
84%
Rolls-RoyceUnited Kingdom
84%
ToyotaJapan
84%
HyundaiSouth Korea
84%
Land RoverUnited Kingdom
84%
MazdaJapan
84%
PeugeotFrance
83%
PorscheGermany
82%
MaseratiItaly
82%
RenaultFrance
82%
IsuzuJapan
81%
SuzukiJapan
81%
VolkswagenGermany
80%
McLarenUnited Kingdom
79%
BuickUnited States of America
79%
MiniUnited Kingdom
79%
LexusJapan
79%
DaihatsuJapan
78%
SubaruJapan
78%
KiaSouth Korea
78%
TeslaUnited States of America
74%
VolvoSweden
74%
LotusUnited Kingdom
74%
AcuraJapan
72%
PaganiItaly
72%
AbarthItaly
71%
BugattiFrance
70%
CaterhamUnited Kingdom
69%
MorganUnited Kingdom
69%
OpelGermany
68%
SaabSweden
67%
MG MotorUnited Kingdom
67%
RamUnited States of America / Mexico
67%
VauxhallUnited Kingdom
63%
LanciaItaly
63%
SeatSpain
61%
HoldenAustralia
61%
NobleUnited Kingdom
60%
TataIndia
60%
SmartGermany
58%
KoenigseggSweden
58%
SkodaCzech Republic
55%
FiskerUnited States of America
54%
DaciaRomania
51%
SsangYoungSouth Korea
50%
ScionUnited States of America
45%
Ultima SportsUnited Kingdom
45%
ProtonMalaysia
26%
InfinitiHong Kong
10%

Score Distribution

Percentile by Number Answered

Percent of People with Each Score

Your Score History

You have not taken this quiz